V bažinách reči

Bibliographic Details
Main Authors: Kasarda, Martin, 1968- (Author), Moravčík, Štefan, 1943- (Author)
Format: Article
Language:Slovak
Subjects:

MARC

LEADER 00000nab a2200000 a 4500
001 vtls000498886
003 SK-MaSNL
005 20260303190603.0
008 140507c1992 xo 0 slo
015 |a SNBRB19rr/mm-uuuuu 
035 |a CL0499024 
040 |a SNKBUCL  |b slo  |c SNKBUCL  |e AACR2 
041 0 |a slo 
044 |a xo  |c SK 
080 |a 82.09:885.4-4(048)  |2 1981 
080 |a 885.4-4(048)  |2 1981 
080 |a 808.54(091)  |2 1981 
100 1 |a Kasarda, Martin,  |d 1968-  |4 aut  |9 116347 
245 1 0 |a V bažinách reči  |c Martin Kasarda 
650 0 7 |a eseje  |2 snkbucl  |9 144629 
650 0 7 |a slovenčina  |2 snkbucl  |9 1350 
655 7 |a články z novín a časopisov  |2 snkbucl  |9 267496 
655 7 |a články z odboru literárna veda a krásna literatúra  |2 snkbucl  |9 770045 
700 1 |a Moravčík, Štefan,  |d 1943-  |4 aut  |9 98697 
773 0 |t Kultúrny život  |g Roč. 26, č. 51 (1992), s. 9 
787 0 8 |i Rec.:  |a Moravčík, Štefan  |t Mágia reči  |d Bratislava : Slovenský spisovateľ, 1992 
850 |a Slovenská národná knižnica v Martine  |a MTA001 
852 |a SNK  |b KIS3GCP 
958 |a RK 
958 |a LX 
958 |a NX 
992 |a RBX 
999 |c 2137057  |d 2138987